00793 2200301 4500001002100000005001500021035002000036007000300056040001700059100003300076245006000109250001000169300003100179041000800210082001200218084001800230090002200248264003300270336002100303337003000324338002300354650001500377850001000392008004100402990001600443990001600459990001600475INLIS00000000000916620260427093526 a0010-1122000125ta aSBPUPADbind0 aTaliziduhu NdrahaePengarang1 aMetode Penelitian Pembangunan Desa /cTaliziduhu Ndraha acet.1 a138 hlm, :bilus. ;c21 cm aind a301.357 a301.357 TAL m a301.357 TAL m 7-1 aJakarta :bBinaAksara,c1982 2rdacontentateks 2rdamediaatanpa perantara 2rdacarrieravolume 4aLingkungan aPUPAD260427 0  a00000024282 a00000024283 a00000024284